[Event "1st WMSG Rapid Pair"]
[Site "Beijing CHN"]
[Date "2008.10.10"]
[Round "7"]
[White "Li Ruofan"]
[Black "Borosova,Z"]
[Result "1-0"]
[WhiteElo "2426"]
[BlackElo "2234"]

1.Nf3 Nf6 2.c4 g6 3.d4 Bg7 4.g3 O-O 5.Bg2 d6 6.O-O Nc6 7.Nc3 a6 8.d5 Na5
9.Nd2 c5 10.Qc2 Rb8 11.Rb1 Bd7 12.b3 b5 13.Bb2 Bh6 14.f4 Bg7 15.e4 Ng4 16.Nd1 Bxb2
17.Rxb2 bxc4 18.bxc4 Rxb2 19.Qxb2 Qb8 20.Qc1 Qb4 21.h3 Nf6 22.Nf2 Rb8 23.Nd3 Qb6
24.Qc3 Qc7 25.Kh2 Nb7 26.e5 Ne8 27.Ne4 Bf5 28.g4 Bxe4 29.Bxe4 dxe5 30.fxe5 f6
31.d6 Nbxd6 32.exd6 Qxd6+ 33.Kg2 Nc7 34.Nf4 Qd4 35.Qxd4 cxd4 36.Nd5 Nxd5
37.cxd5 Rb4 38.Rf2 Kf7 39.Re2 Ra4 40.Bf3 Ra3 41.Rd2 Ra4 42.Bd1 Rb4 43.Bb3 a5
44.Rc2 a4 45.Rc4 Rxc4 46.Bxc4 f5 47.gxf5 gxf5 48.Kf3 a3 49.d6+ Ke8 50.Kf4 Kd7
51.dxe7 Kxe7 52.Kxf5 Kd6 53.Ke4  1-0

[Event "Chigorin Memorial"]
[Site "St Petersburg RUS"]
[Date "2008.10.11"]
[Round "9"]
[White "Orlov,O2"]
[Black "Gladyszev,O"]
[Result "0-1"]
[WhiteElo "2333"]
[BlackElo "2448"]

1.Nf3 Nf6 2.c4 g6 3.d4 Bg7 4.g3 O-O 5.Bg2 d6 6.O-O c6 7.Nc3 Nbd7 8.b3 e5
9.e3 Re8 10.Bb2 exd4 11.exd4 Nb6 12.h3 Bf5 13.Nh4 Qc8 14.g4 Bd7 15.f4 Qd8
16.Nf3 Qe7 17.Ne5 dxe5 18.fxe5 Nxg4 19.hxg4 Qh4 20.Qf3 Rf8 21.Ne4 Bxg4 22.Qf4 Nd7
23.Bf3 h5 24.Ba3 Bh6 25.Qg3 Be3+ 26.Kg2 Qxg3+ 27.Kxg3 Bxd4 28.Bxg4 Bxe5+
29.Kh4 hxg4 30.Rad1 Rfd8 31.Be7 f5 32.Bxd8 Rxd8 33.Ng5 Bf6 34.Rd6 Kg7 35.Kg3 Bxg5
36.Rfd1 f4+ 37.Kg2 Bh4 38.Rxd7+ Rxd7 39.Rxd7+ Kf6 40.Rxb7 f3+ 41.Kg1 g3 42.Rc7 Bg5
43.Rxc6+ Kf7 44.Rc7+ Ke8 45.Kf1  0-1

[Event "1st WMSG Blitz Team"]
[Site "Beijing CHN"]
[Date "2008.10.13"]
[Round "3"]
[White "Vavrak,P"]
[Black "Savickas,A"]
[Result "0-1"]
[WhiteElo "2478"]
[BlackElo "2358"]

1.d4 Nf6 2.c4 g6 3.g3 Bg7 4.Bg2 O-O 5.Nf3 d6 6.O-O Nc6 7.d5 Na5 8.Qa4 c5
9.Bd2 b6 10.Bc3 Bd7 11.Qc2 Bf5 12.Qc1 a6 13.b3 b5 14.Qe1 Nb7 15.Nbd2 e5 16.dxe6 Bxe6
17.Ng5 Qc7 18.Nde4 Nxe4 19.Nxe4 f6 20.Rd1 Rad8 21.Qd2 bxc4 22.bxc4 Bxc4 23.Qb2 d5
24.Nxf6+ Bxf6 25.Bxf6 Rd7 26.Rfe1 Na5 27.Bh3 Nc6 28.Bxd7 Qxd7 29.e4 d4 30.e5 Bd5
31.f4 Qh3 32.Rc1 c4 33.Qf2 c3 34.Bg5 h6 35.Bf6 Nb4 36.Red1 d3 37.Rxc3 g5
38.Rc7 Rf7 39.Rc8+ Rf8 40.Rc7 Rf7 41.Rdc1 Nc2 42.R1xc2 dxc2 43.Rc8+ Qxc8
44.e6 c1=R+  0-1

[Event "1st WMSG Blitz Team w"]
[Site "Beijing CHN"]
[Date "2008.10.13"]
[Round "9"]
[White "Harika,D"]
[Black "Zenyuk,I"]
[Result "1-0"]
[WhiteElo "2461"]
[BlackElo "2237"]

1.Nf3 Nf6 2.c4 g6 3.g3 Bg7 4.Bg2 d6 5.d4 O-O 6.O-O Nc6 7.Nc3 a6 8.Qd3 Nb4
9.Qd2 c5 10.d5 Bf5 11.Nh4 Nc2 12.Nxf5 Nxa1 13.Nxg7 Kxg7 14.b3 b5 15.Bb2 Nxb3
16.axb3 bxc4 17.bxc4 Rb8 18.Ba1 Qa5 19.Qc2 Rb4 20.Ne4 Qa4 21.Bxf6+ exf6 22.Qc3 Rxc4
23.Qxf6+ Kg8 24.Nxd6 Rd4 25.e3 Rd1 26.Qe5 Rxf1+ 27.Bxf1 Qd1 28.Ne4 f6 29.Nxf6+ Rxf6
30.Qxf6 Qxd5 31.Qxa6 Kg7 32.Qa1+ Kh6 33.Qc1 Qe5 34.Qc4 Qf5 35.Qf4+ Qxf4 36.gxf4 Kg7
37.Kg2 Kf6 38.e4 Ke6 39.Bc4+ Kd6 40.e5+  1-0

[Event "1st WMSG Rapid Team"]
[Site "Beijing CHN"]
[Date "2008.10.14"]
[Round "1"]
[White "Vavrak,P"]
[Black "Irie,Y"]
[Result "1-0"]
[WhiteElo "2478"]
[BlackElo "2021"]

1.d4 Nf6 2.c4 g6 3.g3 Bg7 4.Bg2 O-O 5.Nf3 d6 6.O-O c5 7.d5 e5 8.Nc3 a6 9.a3 Qc7
10.e4 Nbd7 11.h3 Rb8 12.Be3 b5 13.Nd2 bxc4 14.Nxc4 Nb6 15.Nxb6 Rxb6 16.b4 Nd7
17.Na4 Rb5 18.bxc5 dxc5 19.Rc1 Bb7 20.Re1 Rc8 21.Bf1 Bf8 22.Bxb5 axb5 23.Nc3 Qa5
24.Qd2 c4 25.Rb1 Ba6 26.d6 Rc6 27.Nxb5 c3 28.Qd5 c2 29.Qxc6 cxb1=Q 30.Rxb1 Nb8
31.Qe8  1-0

[Event "Ugra Cup"]
[Site "Khantiy Mansiysk RUS"]
[Date "2008.10.15"]
[Round "1"]
[White "Zhumabayev,R"]
[Black "Mamedov,Rau"]
[Result "0-1"]
[WhiteElo "2490"]
[BlackElo "2631"]

1.d4 Nf6 2.Nf3 g6 3.g3 Bg7 4.Bg2 O-O 5.c4 d6 6.O-O Nbd7 7.Qc2 e5 8.Rd1 Qe7
9.Nc3 c6 10.e4 exd4 11.Nxd4 Ne5 12.Qe2 Re8 13.h3 a6 14.b3 Rb8 15.Rb1 Qc7
16.Be3 c5 17.Nc2 Be6 18.a4 h5 19.Kh1 Qc8 20.Qf1 h4 21.g4 Nfxg4 22.hxg4 Bxg4
23.f3 Be6 24.Kg1 h3 25.Bh1 Nxc4 26.bxc4 Bxc3 27.Qd3 Bg7 28.Rb6 Qd7 29.Qxd6 Qxa4
30.Rd2 Rbd8 31.Qxd8 Rxd8 32.Rxd8+ Kh7 33.Rd2 Bc3 34.Rf2 Bxc4 35.Bxc5 Bd3
36.Nb4 Qd1+ 37.Kh2 Bxe4 38.Bg2 Be5+ 39.f4 hxg2  0-1

[Event "1st WMSG Rapid Team w"]
[Site "Beijing CHN"]
[Date "2008.10.16"]
[Round "8"]
[White "Houska,Jo"]
[Black "Topel,Z"]
[Result "1/2-1/2"]
[WhiteElo "2399"]
[BlackElo "2214"]

1.d4 Nf6 2.Nf3 g6 3.c4 Bg7 4.g3 d6 5.Bg2 O-O 6.O-O c6 7.b3 Nbd7 8.Nc3 Qa5
9.Bd2 Qc7 10.a4 a5 11.Bc1 Rd8 12.Ba3 e5 13.e3 exd4 14.exd4 Nf8 15.Ra2 d5
16.c5 Bg4 17.h3 Bxf3 18.Bxf3 Ne6 19.Qd3 Ne4 20.Ne2 N6g5 21.Bg2 Qd7 22.Kh2 Qf5
23.f4 Ne6 24.g4 Qf6 25.f5 gxf5 26.Rxf5 Qh6 27.Bc1 Qg6 28.Nf4 Nxf4 29.Bxf4 Re8
30.Re2 Qe6 31.Be5 f6 32.Bf4 Nxc5 33.Rxe6 Nxd3 34.Rd6 Ne1 35.Bd2 Nxg2 36.Kxg2 Re4
37.g5 fxg5 38.Bxg5 Bxd4 39.Rd7 Re5 40.Rxe5 Bxe5 41.Rxb7 Rb8 42.Rxb8+ Bxb8
43.Bd8 Kf7 44.Kf3 Ke6 45.Bxa5 Ba7 46.Bc7 c5 47.Kf4 Kd7 48.Ba5 Kc6 49.Kf5 Bb8
50.Kg5 d4 51.Bd2 Bg3 52.Kg4 Be5 53.Kf5 Kd5 54.Be1 Bc7 55.Bd2 Bd8  1/2-1/2

[Event "24th ECC"]
[Site "Kallithea GRE"]
[Date "2008.10.19"]
[Round "3"]
[White "Moen,OC"]
[Black "Sousa,H"]
[Result "1-0"]
[WhiteElo "2236"]
[BlackElo "2229"]

1.d4 Nf6 2.c4 g6 3.g3 Bg7 4.Bg2 O-O 5.Nf3 d6 6.O-O Nbd7 7.Qc2 e5 8.Rd1 Qe7
9.Nc3 exd4 10.Nxd4 c6 11.h3 Re8 12.Bf4 Ne5 13.b3 Nh5 14.Bc1 f5 15.e3 Nf7
16.Bb2 Nf6 17.a4 a5 18.Re1 Ng5 19.Rad1 Bd7 20.Nde2 Rad8 21.Nf4 Nge4 22.Nxe4 Nxe4
23.Bxg7 Kxg7 24.h4 Qf6 25.Rd4 Nc5 26.Red1 Bc8 27.Qc3 Kf7 28.Rb1 Re5 29.Nd3 Nxd3
30.Rxd3 Rc5 31.Qd2 Ke7 32.Rd1 Qe5 33.e4 fxe4 34.Bxe4 Be6 35.Re1 Qf6 36.Rf3 Qg7
37.Bd5 cxd5 38.cxd5 Re8 39.dxe6 Rf8 40.Rd3 Rd8 41.b4 Re5 42.Rxe5 Qxe5 43.Re3 Qa1+
44.Kg2 Qxa4 45.Qd4 Qc6+ 46.Kh2 Rf8 47.Qg7+ Ke8 48.Re2 d5 49.e7  1-0

[Event "WYCC Boys U14"]
[Site "Vung Tau City VIE"]
[Date "2008.10.21"]
[Round "2"]
[White "Harshkou,M"]
[Black "Chan Yi Ren,D"]
[Result "1/2-1/2"]
[WhiteElo "2057"]
[BlackElo "2260"]

1.d4 Nf6 2.Nf3 g6 3.g3 Bg7 4.c4 O-O 5.Bg2 d6 6.O-O Nbd7 7.Qc2 e5 8.Rd1 exd4
9.Nxd4 Re8 10.e4 Nc5 11.Nc3 Bd7 12.h3 a5 13.Be3 Qc8 14.Kh2 Re5 15.g4 h6 16.Nf3 Re8
17.e5 Nh7 18.exd6 cxd6 19.Bf4 Bc6 20.Nd5 Qd8 21.Re1 Bxd5 22.Rxe8+ Qxe8 23.cxd5 Qd7
24.Be3 Rc8 25.Qd2 Nf6 26.Qxa5 Nxd5 27.Bd4 Nf4 28.Bxg7 Kxg7 29.Nd4 Ncd3 30.Qb6 Nxg2
31.Kxg2 Qe7 32.Nf3 Qf6 33.Qd4 Nf4+ 34.Kh2 Rc2 35.Qxf6+ Kxf6 36.b3 g5 37.Kg3 Ne2+
38.Kg2 Nc3 39.Nd4 Rxa2 40.Rxa2 Nxa2 41.Nf5 d5 42.Nxh6 Nc1 43.f4 gxf4 44.Kf3 Nxb3
45.Kxf4 Nc5 46.Nf5 Ke6 47.Ke3 b5 48.h4 b4 49.h5 b3 50.Kd2 Ne4+ 51.Kc1 d4
52.Kb2 f6 53.Kxb3 d3 54.h6 Kf7 55.h7 Ng5  1/2-1/2

[Event "WYCC Girls U16"]
[Site "Vung Tau City VIE"]
[Date "2008.10.22"]
[Round "3"]
[White "Repina,V"]
[Black "Liu,J"]
[Result "1-0"]
[WhiteElo "2258"]
[BlackElo "1859"]

1.d4 Nf6 2.c4 g6 3.Nf3 Bg7 4.g3 O-O 5.Bg2 d6 6.Nc3 Nbd7 7.O-O e5 8.e4 exd4
9.Nxd4 a6 10.Be3 Rb8 11.h3 Re8 12.b3 c5 13.Nde2 Ne5 14.Qc2 b5 15.cxb5 axb5
16.Rad1 Qe7 17.Bg5 Qf8 18.Nf4 Kh8 19.Bxf6 Bxf6 20.Nfd5 Bd8 21.Qb2 Qg7 22.f4 Nc6
23.f5 Nd4 24.f6 Qh6 25.g4 Bb7 26.b4 Bc6 27.Qf2 Qg5 28.Kh1 Ra8 29.Ra1 Ra3
30.Qb2 Ra8 31.a4 bxa4 32.b5 Bxd5 33.Nxd5 Nb3 34.Rxa4 Rxa4 35.Qxb3 Ra8 36.b6 Qd2
37.Qb5 Rf8 38.Qc6 Ra2 39.Rg1 Bxb6 40.Qxb6 Rc2 41.Qxd6 Rg8 42.e5 Qe2 43.Nf4 Qe3
44.e6 Rd2 45.Qc7 Rf8 46.Qe7 Rdd8 47.Qc7 Rc8 48.e7 Rfe8 49.Qd6  1-0

[Event "WYCC Girls U18"]
[Site "Vung Tau City VIE"]
[Date "2008.10.22"]
[Round "4"]
[White "Gevorgyan,I"]
[Black "Ngo Dieu Hoa"]
[Result "1-0"]
[WhiteElo "2179"]
[BlackElo "2007"]

1.Nf3 Nf6 2.d4 g6 3.c4 Bg7 4.g3 O-O 5.Bg2 d6 6.Nc3 c6 7.O-O Qa5 8.Qc2 Nbd7
9.Rd1 e5 10.dxe5 Nxe5 11.Rxd6 Nxc4 12.Rd1 Re8 13.Nd4 Qh5 14.Bf4 Ng4 15.h3 Nf6
16.g4 Qa5 17.a3 Be6 18.b4 Qa6 19.Na4 Nd5 20.Nc5 Nxa3 21.Qc1 Qc4 22.Ncxe6 fxe6
23.Rxa3 Qxb4 24.Be3 Nxe3 25.Qxe3 e5 26.Nc2 Qb2 27.Be4 Qb5 28.Qb3+ Qxb3 29.Rxb3 Re7
30.Rdb1 b6 31.Bxc6 Rc8 32.Be4 Bf8 33.Ne3 Kg7 34.Rd1 Rf7 35.Bd5 Rf4 36.Be6 Rc6
37.Rd7+ Kh8 38.Bd5 Rcf6 39.g5 Rd6 40.Rxa7 Rd8 41.Ra8 Rxa8 42.Bxa8 Bc5 43.Bd5 Kg7
44.Kg2  1-0

[Event "WYCC Boys U16"]
[Site "Vung Tau City VIE"]
[Date "2008.10.22"]
[Round "4"]
[White "Koohestani,S"]
[Black "Skoda,M"]
[Result "0-1"]
[WhiteElo "2146"]
[BlackElo "2001"]

1.d4 Nf6 2.Nf3 g6 3.c4 Bg7 4.g3 d6 5.Bg2 O-O 6.O-O c5 7.Nc3 Nc6 8.dxc5 dxc5
9.Be3 Be6 10.Qa4 Nd7 11.Ng5 Bg4 12.h3 Bxc3 13.hxg4 Bxb2 14.Rab1 Nb6 15.Qb5 Bd4
16.Rfd1 Qc8 17.Bf4 Qxg4 18.e3 Bf6 19.Ne4 Ne5 20.Nxf6+ exf6 21.Qxc5 Nbxc4
22.Bxb7 Rad8 23.Rxd8 Rxd8 24.Qe7 Rd1+ 25.Rxd1 Qxd1+ 26.Kg2 Qd6 27.Qe8+ Kg7
28.Qa4 Qb6 29.Bd5 Qc5 30.Be4 g5 31.Bxe5 Nxe5 32.Qd1 Qc4 33.Qb1 h6 34.a3 Qe2
35.Bf5 Ng4 36.Bxg4 Qxg4 37.Qb7 Qa4 38.Qe7 a5 39.Kf3 Qb3 40.Kg2 Qd5+ 41.Kg1 Qe5
42.Qd8 Qa1+ 43.Kg2 Qxa3 44.e4 Qb4 45.Qd5 Qc3 46.Qb5 Qa1 47.f4 a4 48.e5 a3
49.exf6+ Qxf6  0-1

[Event "24th ECC"]
[Site "Kallithea GRE"]
[Date "2008.10.23"]
[Round "7"]
[White "Sanchez Silva,L"]
[Black "Sousa,H"]
[Result "0-1"]
[WhiteElo "2092"]
[BlackElo "2229"]

1.d4 Nf6 2.c4 g6 3.Nf3 Bg7 4.g3 d6 5.Bg2 O-O 6.O-O Nbd7 7.Nc3 e5 8.e4 exd4
9.Nxd4 Re8 10.Re1 c6 11.b3 Nc5 12.Bb2 Qb6 13.Qd2 Ng4 14.Nc2 Ne5 15.Re3 Nxc4
16.bxc4 Qxb2 17.e5 Bf5 18.Qxd6 Bxc2 19.Rae1 Bf8 20.Qf6 Bf5 21.g4 Be7  0-1

[Event "WYCC Boys U14"]
[Site "Vung Tau City VIE"]
[Date "2008.10.23"]
[Round "5"]
[White "Berchtenbreiter,M"]
[Black "Krzyzanowski,M"]
[Result "1-0"]
[WhiteElo "2116"]
[BlackElo "2280"]

1.Nf3 Nf6 2.c4 g6 3.d4 Bg7 4.g3 O-O 5.Bg2 d6 6.O-O Nc6 7.Nc3 Bg4 8.h3 Bxf3
9.Bxf3 Nd7 10.e3 e5 11.d5 Ne7 12.e4 f5 13.a3 a5 14.Bd2 Nc5 15.Na4 Nxe4 16.Bxe4 fxe4
17.Nc3 Qd7 18.Qg4 Rf5 19.Bg5 Nc8 20.Nxe4 Nb6 21.Rac1 Kh8 22.Rfd1 Qf7 23.Be3 Nd7
24.Ng5 Qe7 25.Ne6 c5 26.dxc6 bxc6 27.Nxg7 Kxg7 28.Qe4 Ra6 29.b4 axb4 30.axb4 Qf8
31.Rc2 Nf6 32.Qd3 c5 33.b5 Rb6 34.Qd2 Qb8 35.Ra2 h5 36.Rda1 Rb7 37.Ra8 Qc7
38.R1a6 Qf7 39.Qxd6 Rd7 40.Qb8 Rd1+ 41.Kg2  1-0

[Event "WYCC Boys U14"]
[Site "Vung Tau City VIE"]
[Date "2008.10.23"]
[Round "5"]
[White "Pham Hoai Nam"]
[Black "Garcia,Jan"]
[Result "0-1"]
[WhiteElo "1973"]
[BlackElo "2256"]

1.d4 g6 2.c4 d6 3.g3 Bg7 4.Bg2 Nf6 5.Nf3 O-O 6.O-O Nbd7 7.Nc3 c6 8.e4 e5
9.Be3 Ng4 10.Bg5 Qc7 11.h3 exd4 12.Nxd4 Nge5 13.b3 Qa5 14.Bd2 Nd3 15.Nce2 Qc7
16.Bc3 N3c5 17.Qc2 a5 18.a3 Nb6 19.Bb2 Re8 20.g4 Qe7 21.Ng3 a4 22.b4 Nb3
23.Nxb3 axb3 24.Qxb3 Bxb2 25.Qxb2 Nxc4 26.Qc3 Nb6 27.f4 Be6 28.f5 Bc4 29.f6 Qe5
30.Qd2 Bxf1 31.Rxf1 Re6 32.Nf5 Rxf6 33.g5 Rxf5 34.exf5 Rxa3 35.Re1 Ra1 36.Rxa1 Qxa1+
37.Bf1 Qe5 38.f6 Nd5  0-1

[Event "Open A"]
[Site "Le Touquet FRA"]
[Date "2008.10.25"]
[Round "1"]
[White "Arkell,K"]
[Black "Osborne,S"]
[Result "1/2-1/2"]
[WhiteElo "2521"]
[BlackElo "2017"]

1.d4 Nf6 2.Nf3 g6 3.c4 Bg7 4.g3 O-O 5.Bg2 d6 6.O-O Nbd7 7.d5 Nb6 8.Nbd2 a5
9.e4 Nfd7 10.Qe2 e6 11.dxe6 fxe6 12.Rd1 Nc5 13.Nb3 Nbd7 14.Bg5 Qe8 15.Nxc5 Nxc5
16.e5 Bd7 17.exd6 cxd6 18.Rxd6 Bc6 19.Rad1 Qf7 20.Nd4 Bxg2 21.Kxg2 e5 22.Nb3 Ne6
23.Be3 Nf4+ 24.Bxf4 exf4 25.Qe6 fxg3 26.hxg3 Bxb2 27.Qxf7+ Rxf7 28.Rd8+ Rxd8
29.Rxd8+ Kg7 30.Nxa5 b6 31.Nb3 Rc7 32.Rd2 Bc3 33.Rd6 Rxc4 34.Rxb6 Ra4 35.Rb7+ Kg8
36.Rc7 Be5 37.Rc5 Bd6 38.Rd5 Bc7 39.Rd2 Bb6 40.Nc1 Rc4 41.Ne2 Ba5 42.Rb2 Bc7
43.Ng1 Kf7 44.Nf3 Kf6 45.Re2 h5 46.Nd2 Ra4 47.Ne4+ Kf5 48.Nc3 Ra5 49.Rd2 Ke6
50.Ne4 Kf5 51.f3 g5 52.Nc3 Ke6 53.Ne2 Be5 54.Rc2 Ra4 55.Nc1 Ra3 56.Nb3 h4
57.f4 gxf4 58.gxh4 Kf5 59.Kf3 Ra7 60.Rg2 Bf6 61.Rg4 Rxa2 62.Rxf4+ Kg6 63.h5+ Kg5
64.Nc5  1/2-1/2

[Event "8th Rohde Open"]
[Site "Sautron FRA"]
[Date "2008.10.26"]
[Round "2"]
[White "Lalic,B"]
[Black "Bailet,P"]
[Result "1-0"]
[WhiteElo "2531"]
[BlackElo "2306"]

1.d4 Nf6 2.c4 d6 3.Nf3 g6 4.g3 Bg7 5.Bg2 O-O 6.O-O Nc6 7.Nc3 a6 8.d5 Na5
9.Nd2 c5 10.Qc2 Rb8 11.b3 b5 12.Rb1 Bd7 13.Bb2 bxc4 14.bxc4 Bh6 15.f4 Ng4
16.Nd1 f5 17.Bc3 Rxb1 18.Qxb1 Qc7 19.Qd3 Bg7 20.Bxg7 Kxg7 21.e4 Nf6 22.exf5 Bxf5
23.Qc3 Qb6 24.a3 Rb8 25.Ne3 Rf8  1-0

[Event "TCh-HUN 2008-9"]
[Site "Zalaegerszeg HUN"]
[Date "2008.10.26"]
[Round "1"]
[White "Csom,I"]
[Black "Zsinka,L"]
[Result "1/2-1/2"]
[WhiteElo "2447"]
[BlackElo "2291"]

1.c4 Nf6 2.Nf3 g6 3.d4 Bg7 4.g3 O-O 5.Bg2 d6 6.Nc3 Nc6 7.O-O Bg4 8.d5 Na5
9.b3 c5 10.Bb2 a6 11.h3 Bd7 12.e3 b5  1/2-1/2

[Event "8th Rohde Open"]
[Site "Sautron FRA"]
[Date "2008.10.27"]
[Round "3"]
[White "Malaniuk,V"]
[Black "Vocaturo,D"]
[Result "1/2-1/2"]
[WhiteElo "2534"]
[BlackElo "2383"]

1.d4 Nf6 2.Nf3 g6 3.c4 Bg7 4.g3 O-O 5.Bg2 d6 6.O-O Nbd7 7.Qc2 e5 8.Rd1 Qe7
9.Nc3 c6 10.e4 Re8 11.Be3 exd4 12.Nxd4 Ne5 13.Qe2 a6 14.h3 b5 15.cxb5 cxb5
16.a4 b4 17.Nd5 Nxd5 18.exd5 a5 19.Rac1 Ba6 20.Nb5 Rab8 21.b3 Nd7 22.Qa2 Bxb5
23.axb5 Qd8 24.Bf4 Be5 25.Bxe5 Rxe5 26.Rc6 Nc5 27.b6 Rxb6 28.Qxa5 Rb8 29.Qxd8+ Rxd8
30.Rb6 Nxb3 31.Rxb4 Nc5 32.Bf3 Kg7 33.Rb6 Re7 34.Ra1 f5 35.h4 Nd3 36.Bg2 Ne5
37.Rab1 Rdd7 38.Bf1 Nf7 39.Ba6 Rc7 40.Rc6 Kf6 41.Rxc7 Rxc7 42.Bf1 h6 43.Re1 Ne5
44.Bg2 Re7 45.Ra1 g5 46.hxg5+ hxg5 47.f4 gxf4 48.gxf4 Nd3 49.Ra6 Rd7 50.Ra4 Rg7
51.Kh2 Ne1 52.Bf1 Nf3+ 53.Kh3 Nd2 54.Bg2 Rc7 55.Ra6 Rd7 56.Ra8 Nb3 57.Kg3 Nc5
58.Bf3 Rg7+ 59.Kf2 Re7 60.Rf8+ Kg6 61.Rd8 Nb7 62.Rg8+ Kf7 63.Rc8 Nc5 64.Rd8 Nd3+
65.Kg3 Re3 66.Rd7+ Ke8 67.Rxd6 Ne1 68.Re6+ Rxe6 69.dxe6 Nxf3 70.Kxf3 Ke7
71.Kg3 Kxe6 72.Kh4 Kf6 73.Kh5 Kf7 74.Kg5 Kg7 75.Kxf5 Kf7 76.Ke5 Ke7 77.f5 Kf7
78.f6 Kf8 79.Ke6 Ke8 80.f7+ Kf8  1/2-1/2

[Event "WYCC Boys U14"]
[Site "Vung Tau City VIE"]
[Date "2008.10.29"]
[Round "10"]
[White "Pham Hoai Nam"]
[Black "Gaehwiler,G"]
[Result "1-0"]
[WhiteElo "1973"]
[BlackElo "2093"]

1.d4 Nf6 2.Nf3 g6 3.c4 Bg7 4.g3 O-O 5.Bg2 d6 6.O-O Nbd7 7.Nc3 e5 8.e4 c6
9.Be3 Ng4 10.Bg5 Qb6 11.h3 exd4 12.Na4 Qa6 13.hxg4 b5 14.Be7 Re8 15.Bxd6 bxa4
16.e5 c5 17.b4 cxb4 18.Qxd4 Bb7 19.Rae1 Rad8 20.Qf4 h6 21.g5 h5 22.Re3 Rc8
23.Rc1 Qa5 24.Bh3 Bc6 25.e6 fxe6 26.Bxe6+ Kh7 27.Nh4 Rf8 28.Bxf8 Rxf8 29.Qd6 Qc5
30.Rd1 Qxd6 31.Rxd6 Nb8 32.Bh3 b3 33.axb3 a3 34.Rd2 Na6 35.Ra2 Nb4 36.Rxa3 Nc2
37.Rxa7 Nxe3 38.fxe3 Rd8 39.Bg2 Rd1+ 40.Kf2 Rd2+ 41.Kf1 Bxg2+ 42.Nxg2 Rb2
43.Nf4 Rxb3 44.Ne6 Rxe3 45.Rxg7+ Kh8 46.Rxg6 Rxg3 47.Rh6+ Kg8 48.Rxh5 Re3
49.Rh6 Kf7 50.c5  1-0

[Event "Grand Prix CCAS"]
[Site "Cap D'Agde FRA"]
[Date "2008.10.31"]
[Round "8"]
[White "Bauer,Ch"]
[Black "Trent,L"]
[Result "1-0"]
[WhiteElo "2592"]
[BlackElo "2470"]

1.d4 Nf6 2.Nf3 g6 3.c4 Bg7 4.g3 O-O 5.Bg2 d6 6.Nc3 Nbd7 7.O-O e5 8.e3 c6
9.a4 a5 10.b3 Qc7 11.Ba3 Rd8 12.Ra2 Nf8 13.h3 h6 14.Qc1 g5 15.Bxd6 Qxd6 16.dxe5 Qb4
17.exf6 Bxf6 18.Ne4 Bg7 19.Qb1 f5 20.Ned2 Ne6 21.Rd1 Nc5 22.Nd4 Bxd4 23.exd4 Rxd4
24.Nf3 Rxd1+ 25.Qxd1 Be6 26.Rd2 Ne4 27.Rd3 Rf8 28.Nd4 Bc8 29.Qe2 Nf6 30.Qe5 Nh7
31.Nc2 Qb6 32.c5 Qa7 33.Rd6 Rf7 34.Rg6+ Kf8 35.Qh8+  1-0

[Event "Vasylyshyn Mem"]
[Site "Lviv UKR"]
[Date "2008.10.31"]
[Round "15"]
[White "Papin,V"]
[Black "Vovk,A"]
[Result "1-0"]
[WhiteElo "2455"]
[BlackElo "2488"]

1.d4 Nf6 2.c4 g6 3.Nf3 Bg7 4.g3 O-O 5.Bg2 d6 6.Nc3 Nc6 7.O-O a6 8.h3 Rb8
9.Be3 Bf5 10.Rc1 e5 11.d5 Ne7 12.Nh4 Bd7 13.Qd2 Ne8 14.f4 Nf5 15.Nxf5 Bxf5
16.g4 exf4 17.Ba7 Ra8 18.Bd4 Bd7 19.Bxg7 Nxg7 20.Rxf4 g5 21.Rf2 f5 22.Rcf1 Qe7
23.gxf5 Bxf5 24.c5 dxc5 25.d6 cxd6 26.Nd5 Qe5 27.Qxg5 h6 28.Qxh6 Rf7 29.e4 Qe6
30.Qh4 Bg6 31.Rxf7  1-0

[Event "Russia Cup Final w"]
[Site "Serpuhov RUS"]
[Date "2008.11.07"]
[Round "2.1"]
[White "Matveeva,S"]
[Black "Ivkina,O"]
[Result "1-0"]
[WhiteElo "2411"]
[BlackElo "2229"]

1.d4 Nf6 2.c4 g6 3.Nf3 Bg7 4.g3 d6 5.Bg2 O-O 6.O-O c6 7.Nc3 Bf5 8.b3 Ne4
9.Bb2 Na6 10.Nh4 Nxc3 11.Bxc3 Bd7 12.Qd2 Rb8 13.Rac1 c5 14.Rfd1 b5 15.Ba5 Qe8
16.dxc5 Nxc5 17.b4 Na4 18.c5 Nb2 19.c6 Be6 20.c7 Rc8 21.Bc6 Bd7 22.Bb7 Nxd1
23.Qxd1 Be6 24.Nf3 Bc4 25.Nd2 Be6 26.Ne4 h6 27.Nc3 Bc4 28.Nd5 Qd7 29.a4 Rce8
30.axb5 Qxb5 31.c8=Q Rxc8 32.Nxe7+ Kh7 33.Nxc8 Bxe2 34.Nxd6 Qg5 35.Qe1 Bd4
36.Rc7 Qh5 37.Rxf7+ Rxf7 38.Nxf7 Kg7 39.Nd8  1-0

[Event "FSIMA November"]
[Site "Budapest HUN"]
[Date "2008.11.09"]
[Round "9"]
[White "Toth,Li"]
[Black "Lengyel,B"]
[Result "1/2-1/2"]
[WhiteElo "2194"]
[BlackElo "2309"]

1.d4 Nf6 2.c4 g6 3.Nf3 Bg7 4.g3 O-O 5.Bg2 d6 6.Nc3 Nbd7 7.e4 e5 8.h3 c6 9.O-O Qb6
10.Re1 Re8 11.d5 Nc5 12.Rb1 a5 13.Be3 cxd5 14.cxd5 Bd7 15.Nd2 Rec8 16.Bf1  1/2-1/2

[Event "USCL KO 2008"]
[Site "ICC INT"]
[Date "2008.11.10"]
[Round "1"]
[White "Perea,O"]
[Black "Lee,Micha"]
[Result "1/2-1/2"]
[WhiteElo "2376"]
[BlackElo "2305"]

1.d4 Nf6 2.c4 g6 3.Nf3 Bg7 4.g3 O-O 5.Bg2 d6 6.Nc3 Nc6 7.O-O a6 8.h3 Rb8
9.Be3 Bd7 10.Rc1 b5 11.Nd2 e6 12.d5 Ne7 13.dxe6 fxe6 14.b3 Nf5 15.Bg5 h6
16.Bxf6 Qxf6 17.Nce4 Qd8 18.c5 d5 19.c6 Be8 20.Nc5 Qd6 21.Nb7 Qe5 22.e4 Ne7
23.exd5 exd5 24.Nf3 Qf6 25.Nc5 Rb6 26.Nd7 Bxd7 27.cxd7 Qd6 28.b4 Qxb4 29.Rxc7 Qd6
30.Rc2 Qxd7 31.Nd4 Rd6 32.Qd3 Rc8 33.Rfc1 Rc4 34.Nb3 Rdc6 35.Nd2 Rxc2 36.Rxc2 Rxc2
37.Qxc2 Qd6 38.Qd3 Qe5 39.Nb3 Qe1+ 40.Bf1 Qb4 41.h4 h5 42.Bh3 Qe1+ 43.Kg2 Qc3
44.Qxc3 Bxc3 45.Nc5 a5 46.Bd7 b4 47.Nb3 Kf7 48.Kf3 Kf6 49.Nxa5 Nf5 50.Nb3 Ke5
51.Ke2 Nd6 52.Kf3 Ne4 53.Ke2 Bd4 54.f4+ Kd6 55.Be8 Bf6 56.Bxg6 Nxg3+ 57.Kf3 Bxh4
58.Bf7 Ne4 59.Bxh5 Nc3 60.Nc1 d4 61.Bf7  1/2-1/2

[Event "38th Olympiad"]
[Site "Dresden GER"]
[Date "2008.11.16"]
[Round "4"]
[White "Asabri,Hu"]
[Black "Rajapakse,R"]
[Result "1-0"]
[WhiteElo "2191"]
[BlackElo "1646"]

1.d4 Nf6 2.Nf3 g6 3.g3 Bg7 4.Bg2 O-O 5.c4 d6 6.Nc3 Nc6 7.O-O a6 8.h3 Bd7
9.e4 e5 10.d5 Ne7 11.Be3 Nh5 12.c5 Qe8 13.Qb3 f5 14.c6 f4 15.cxd7 Qxd7 16.gxf4 exf4
17.Bd2 g5 18.Ne2 Rf6 19.Bc3 Rg6 20.Nh2 Rf8 21.Bxg7 Nxg7 22.Nd4 h5 23.f3 Kh7
24.Qxb7 Ng8 25.Rac1 Rf7 26.Qxa6 Nh6 27.Qe2 g4 28.fxg4 hxg4 29.hxg4 Nxg4 30.Nxg4 Rxg4
31.Ne6 Rxg2+ 32.Qxg2  1-0

[Event "USCL KO 2008"]
[Site "ICC INT"]
[Date "2008.11.19"]
[Round "2"]
[White "Kuljasevic,D"]
[Black "Lopez,B"]
[Result "1-0"]
[WhiteElo "2521"]
[BlackElo "2414"]

1.d4 Nf6 2.c4 g6 3.Nf3 Bg7 4.g3 O-O 5.Bg2 d6 6.Nc3 Nc6 7.O-O a6 8.Bf4 Rb8
9.Rc1 e6 10.e4 Nd7 11.Bg5 Bf6 12.Be3 Na5 13.b3 b5 14.cxb5 axb5 15.Qd2 c6
16.Rfd1 Be7 17.e5 d5 18.Ne2 b4 19.Bh6 Re8 20.Ng5 Ba6 21.h4 Bf8 22.Bxf8 Rxf8
23.Nf4 Qe7 24.Rc2 h6 25.Nf3 Kg7 26.Rdc1 Rfc8 27.Qe3 Rc7 28.Bf1 Bxf1 29.Kxf1 c5
30.dxc5 Nc6 31.Nd3 Ra7 32.Nd4 Ra6 33.Nxc6 Rxc6 34.Qd4 Rb5 35.a4 bxa3 36.Qa4 Nxc5
37.Qxb5 Nxd3 38.Rxc6 Nxc1 39.Rxc1 Qa7 40.Qa4 Qb8 41.Qxa3 Qxe5 42.Qa1 d4 43.Kg1 Qd5
44.b4 e5 45.Qa5 Qe4 46.b5 d3 47.b6 Qe2 48.Re1  1-0

[Event "38th Olympiad w"]
[Site "Dresden GER"]
[Date "2008.11.21"]
[Round "8"]
[White "Houska,Jo"]
[Black "Vojinovic,J"]
[Result "1/2-1/2"]
[WhiteElo "2399"]
[BlackElo "2332"]

1.d4 Nf6 2.Nf3 g6 3.c4 Bg7 4.g3 d6 5.Bg2 O-O 6.O-O Nc6 7.Nc3 Bf5 8.b3 Ne4
9.Nd5 e6 10.Ne3 Nc3 11.Qd2 Ne4 12.Qb2 h5 13.Nxf5 exf5 14.e3 a5 15.a3 d5 16.Qc2 Ne7
17.Bb2 c6 18.Ne5 h4 19.f3 Nf6 20.Rf2 Qc8 21.Bh3 Qc7 22.cxd5 hxg3 23.hxg3 Nfxd5
24.e4 f6 25.exd5 fxe5 26.dxc6 b5 27.dxe5 Bxe5 28.f4 Bxb2 29.Qxb2 Nxc6 30.Bg2 Rad8
31.Rc1 Rd6 32.Rxc6 Rxc6 33.Bd5+ Rf7 34.Re2 Qb6+ 35.Kf1 Rf6 36.Re8+ Kg7 37.Bxf7 Kxf7
38.Qe5 Re6 39.Rxe6 Qxe6 40.Qxb5 Qe3 41.Qc4+ Kg7 42.Kg2 Qd2+ 43.Kh3 Qf2 44.Qc3+ Kf7
45.Qc7+ Kf6 46.Qc6+ Kg7 47.Qg2 Qd4 48.Qb7+ Kh6 49.Qa8 Qc3 50.Qf8+ Kh7 51.Qe7+ Kg8
52.Qe6+ Kh7 53.Qe7+ Kg8 54.Qd8+ Kh7 55.Qd5 Qa1 56.b4 axb4 57.axb4 Kh6 58.Qd2 Qh1+
59.Qh2 Qb7 60.Qb2  1/2-1/2

[Event "38th Olympiad"]
[Site "Dresden GER"]
[Date "2008.11.22"]
[Round "9"]
[White "Naumann,A"]
[Black "Braga,C"]
[Result "1/2-1/2"]
[WhiteElo "2518"]
[BlackElo "2415"]

1.d4 Nf6 2.c4 g6 3.Nf3 Bg7 4.g3 O-O 5.Bg2 d6 6.O-O Nc6 7.Nc3 a6 8.h3 Rb8
9.e4 b5 10.e5 dxe5 11.dxe5 Qxd1 12.Rxd1 Nd7 13.cxb5 axb5 14.Be3 b4 15.Nd5 Ndxe5
16.Nxe5 Bxe5 17.Rac1 e6 18.Nxc7 Bxc7 19.Rxc6 Be5 20.Ba7 Ra8 21.Bc5 Bb7 22.Bxf8 Bxc6
23.Bxb4 Bxg2 24.Kxg2 Rxa2 25.b3 Rb2 26.Rd3 f6 27.Bc5 Kf7 28.Rd7+ Ke8 29.Re7+ Kd8
30.b4 Bc3 31.Rxh7 Bxb4 32.Bd4 Rd2 33.Bxf6+ Ke8 34.Bg5 Rd7 35.Rh8+ Kf7 36.Be3 Bc3
37.Rh7+ Ke8 38.Rh4 Bf6 39.Ra4 Kf7 40.Kf3 Rb7 41.Ke4 Rd7 42.h4 Rb7 43.Kd3 Rc7
44.Bb6 Rc3+ 45.Ke4 Rc6 46.Ra7+ Kg8 47.Be3 Rc4+ 48.Kf3 Rc3 49.Rd7 Rb3 50.Kg4 Rb4+
51.Kh3 Rb1 52.Kg2 Rb5 53.Kf1 Rb2 54.Ke1 Bc3+ 55.Kd1 Bf6 56.Kc1 Re2 57.Rd2 Re1+
58.Kc2 Ra1 59.Rd7 Ra2+ 60.Kb3 Rb2+ 61.Kc4 Rc2+ 62.Kb5 Rc8 63.Bc5 Rd8 64.Rxd8+ Bxd8
65.Bd4 Kf7 66.Be5 Be7 67.Kc4 Kg8 68.Kd4 Kh7 69.Ke4 Bc5 70.Bd4 Bd6 71.Kf3 Be7
72.Kf4 Bd6+ 73.Kg5 Be7+ 74.Bf6 Bc5 75.f4 Bf2 76.g4 Bc5 77.h5 gxh5 78.Kxh5 Bd6
79.Be5 Be7 80.Bc7 Bf6 81.g5 Be7 82.Be5 Bd8 83.Bd6 Kg7 84.Be5+ Kh7 85.Bf6 Bc7
86.g6+ Kg8 87.Kg5 Bd6 88.Be5 Be7+ 89.Kg4 Bb4 90.Bf6 Bd6 91.Kf3 Bc7 92.Ke4 Bd6
93.Be5 Ba3 94.Kf3 Be7 95.Kg4 Bd8 96.Kh5 Be7 97.g7 Kh7 98.Bd4 Bd8 99.Kg4 Be7
100.Kf3 Bb4 101.Bf6 Ba3 102.Ke4 Bd6 103.Be5 Bb4 104.Bb2 Bd6 105.Bc3 Bc7 106.Kf3 Bd6
107.Bf6 Bc7 108.Kg4 Bd6 109.Be5 Be7 110.f5 exf5+ 111.Kxf5 Kg8 112.Ke4  1/2-1/2